Sports Quiz

Random Sports Quiz

Louisiana Athletes (Slideshow) Quiz Stats

Quiz not verified by Sporcle

Challenge
Share
Tweet
Score 0/28 Timer 06:00
0 Plays Today
% Correct
Terry Bradshaw
91.8%
Jake Delhomme
75.3%
Ed Reed
75.3%
Reggie Wayne
74.2%
Marshall Faulk
72.2%
Karl Malone
71.1%
Robert Parish
64.9%
Doug Williams
63.9%
Albert Belle
57.7%
Joe Dumars
55.7%
Peyton Manning
54.6%
Andy Pettitte
54.6%
Eli Manning
51.5%
Danny Granger
46.4%
% Correct
Wills Reed
45.4%
Lou Brock
40.2%
Eddie Robinson
40.2%
Elvin Hayes
34%
Bob Petit
29.9%
Lee Smith
24.7%
Nnamdi Asomugha
24.7%
Billy Cannon
23.7%
Mel Ott
22.7%
Charlie Joiner
17.5%
Jim Taylor
16.5%
Steve Van Buren
11.3%
John David Crow
5.2%
Ted Lyons
2.1%

You're not logged in!

Compare scores with friends on all Sporcle quizzes.
Sign Up with Email
OR
Log In

You Might Also Like...

Show Comments

Extras

Top Quizzes Today


Score Distribution

Your Account Isn't Verified!

In order to create a playlist on Sporcle, you need to verify the email address you used during registration. Go to your Sporcle Settings to finish the process.